| 000 | 01379pam a2200313 a 4500 | ||
|---|---|---|---|
| 999 |
_c173257 _d173257 |
||
| 001 | 13934128 | ||
| 003 | Nust | ||
| 005 | 20170120184807.0 | ||
| 008 | 050418s2005 nyua 001 0 eng | ||
| 010 | _a 2005273613 | ||
| 020 | _a1401857604 | ||
| 040 |
_aDLC _cDLC _dDLC |
||
| 050 | 0 | 0 |
_aT353 _b.G63 2005 |
| 082 | 0 | 0 |
_a604.24 GOE _222 |
| 100 | _aWIEBE | ||
| 245 | 0 | 0 |
_aTechnical drawing / _cWIEBE |
| 260 |
_aClifton Park, NY : _bThomson Delmar Learning, _cc2005. |
||
| 300 |
_axvii, 1121 p. : _bill. (some col.) ; _c29 cm. + _e1 CD-ROM (4 3/4 in.) |
||
| 440 | 0 | _aDrafting and design series | |
| 500 | _aPrevious eds. entered under Goetsch. | ||
| 500 | _aIncludes index. | ||
| 650 | 0 |
_aMechanical drawing _vTextbooks. |
|
| 700 | 1 | _aGoetsch, David L. | |
| 700 | 1 |
_aGoetsch, David L. _tTechnical drawing. |
|
| 856 | 4 | 2 |
_3Publisher description _uhttp://www.loc.gov/catdir/enhancements/fy1215/2005273613-d.html |
| 856 | 4 | 1 |
_3Table of contents only _uhttp://www.loc.gov/catdir/enhancements/fy1215/2005273613-t.html |
| 856 | 4 | 2 |
_3Contributor biographical information _uhttp://www.loc.gov/catdir/enhancements/fy1302/2005273613-b.html |
| 906 |
_a7 _bcbc _corigcop _d2 _encip _f20 _gy-gencatlg |
||
| 942 |
_2ddc _cBK |
||